| 000 | 00642nam a2200217Ia 4500 | ||
|---|---|---|---|
| 005 | 20241129120259.0 | ||
| 008 | 241129s9999||||xx |||||||||||||| ||und|| | ||
| 020 | _a9781496235497 | ||
| 037 | _aTB | ||
| 040 |
_aSDCL _beng _cSDCL |
||
| 041 |
_aeng _2eng |
||
| 084 |
_aS:55.53'P R3 _qSDCL |
||
| 100 |
_aKushner Nina Ed.; Ross Andrew Israel Ed. _9729576 |
||
| 245 | 0 | _aHistory of French sexuality: From the enlightenment to the present | |
| 260 |
_aNilcoln _bUniversity of Nebraska Press _c2023 |
||
| 300 | _a345p. | ||
| 365 |
_aUSD _b35 |
||
| 650 | _aHistory | ||
| 942 |
_cTB _hS:55.53'P R3 |
||
| 999 |
_c1234139 _d1234139 |
||